It's not all black and white: A propensity score matched, multilevel examination of racial drug sentencing disparities

Saved in:  
Bibliographic Details
Authors: Stringer, Richard J. (Author) ; Holland, Melanie M. (Author)
Format: Electronic Article
Language:English
Published: 2016
In: Journal of ethnicity in criminal justice
Year: 2016, Volume: 14, Issue: 4, Pages: 327-347
Online Access: Volltext (lizenzpflichtig)
Check availability: HBZ Gateway

MARC

LEADER 00000caa a22000002c 4500
001 1912600129
003 DE-627
005 20250115055009.0
007 cr uuu---uuuuu
008 241217s2016 xx |||||o 00| ||eng c
024 7 |a 10.1080/15377938.2016.1187239  |2 doi 
035 |a (DE-627)1912600129 
035 |a (DE-599)KXP1912600129 
040 |a DE-627  |b ger  |c DE-627  |e rda 
041 |a eng 
084 |a 2,1  |2 ssgn 
100 1 |a Stringer, Richard J.  |e VerfasserIn  |4 aut 
109 |a Stringer, Richard J.  |a Stringer, Richard 
245 1 0 |a It's not all black and white: A propensity score matched, multilevel examination of racial drug sentencing disparities 
264 1 |c 2016 
336 |a Text  |b txt  |2 rdacontent 
337 |a Computermedien  |b c  |2 rdamedia 
338 |a Online-Ressource  |b cr  |2 rdacarrier 
700 1 |a Holland, Melanie M.  |e VerfasserIn  |4 aut 
773 0 8 |i Enthalten in  |t Journal of ethnicity in criminal justice  |d [Erscheinungsort nicht ermittelbar] : Routledge, 2003  |g 14(2016), 4, Seite 327-347  |h Online-Ressource  |w (DE-627)390611441  |w (DE-600)2151128-7  |w (DE-576)309205514  |x 1537-7946  |7 nnas 
773 1 8 |g volume:14  |g year:2016  |g number:4  |g pages:327-347 
787 0 8 |i Forschungsdaten  |a USA. Bureau of Justice Statistics  |t National Corrections Reporting Program, 2000-2012  |d [Erscheinungsort nicht ermittelbar] : [Verlag nicht ermittelbar], 2014  |w (DE-627)1840047348 
856 4 0 |u https://doi.org/10.1080/15377938.2016.1187239  |x Resolving-System  |z lizenzpflichtig  |3 Volltext  |7 1 
935 |a mkri 
951 |a AR 
ELC |a 1 
LOK |0 000 xxxxxcx a22 zn 4500 
LOK |0 001 4637565642 
LOK |0 003 DE-627 
LOK |0 004 1912600129 
LOK |0 005 20241217044628 
LOK |0 008 241217||||||||||||||||ger||||||| 
LOK |0 035   |a (DE-2619)ICPSR122053 
LOK |0 040   |a DE-2619  |c DE-627  |d DE-2619 
LOK |0 092   |o n 
LOK |0 852   |a DE-2619 
LOK |0 852 1  |9 00 
LOK |0 935   |a nacp 
LOK |0 939   |a 17-12-24  |b l01 
ORI |a SA-MARC-krimdoka001.raw